Vplyv CRM na interaktivitu so zákazníkom
Súčasné trendy interaktívneho vzťahového marketingu CRM ako SaaS systému (Software as a Service). Zhodnotenie dôležitosti CRM v konkurenčnom prostredí z pohľadu marketingovej stratégie a softvéru. Zhodnotenie CRM systému spoločnosti Salesforce, ktorá má dominantné postavenie na trhu CRM softvérov po...
Uložené v:
| Hlavný autor: | |
|---|---|
| Médium: | Kapitola |
| Jazyk: | Slovak |
| Predmet: | |
| Tagy: |
Žiadne tagy, Buďte prvý, kto otaguje tento záznam!
|
MARC
| LEADER | 00000nla a2200000 4500 | ||
|---|---|---|---|
| 001 | 0241294 | ||
| 005 | 20240502073928.7 | ||
| 041 | 0 | |a slo | |
| 044 | |a SK | ||
| 245 | 1 | 0 | |a Vplyv CRM na interaktivitu so zákazníkom |c Linda Vašková |
| 520 | |a Súčasné trendy interaktívneho vzťahového marketingu CRM ako SaaS systému (Software as a Service). Zhodnotenie dôležitosti CRM v konkurenčnom prostredí z pohľadu marketingovej stratégie a softvéru. Zhodnotenie CRM systému spoločnosti Salesforce, ktorá má dominantné postavenie na trhu CRM softvérov pomocou SWOT analýzy. | ||
| 610 | 2 | 0 | |a zákazníci |
| 610 | 2 | 0 | |a marketing |
| 610 | 2 | 0 | |a stratégia marketingová |
| 610 | 2 | 0 | |a marketing vzťahový |
| 610 | 2 | 0 | |a komunikácia |
| 610 | 2 | 0 | |a manažment komunikačný |
| 100 | 1 | |a Vašková, Linda | |